| 000 | 01008nam a2200217Ia 4500 | ||
|---|---|---|---|
| 003 | Ost | ||
| 005 | 20260507075049.0 | ||
| 008 | 260507s9999||||xx |||||||||||||| ||und|| | ||
| 040 | _cfsecg | ||
| 041 | _aara | ||
| 082 | _a330 | ||
| 100 |
_aعفيفي، صديق محمد _eمؤلف |
||
| 245 | 0 |
_aالتخصيصية / _c صديق محمد عفيفي |
|
| 250 | _aطبعة 3 | ||
| 260 |
_aالقاهرة: _bمكتبة عين الشمس, _c2003 |
||
| 300 |
_a19 صفحة؛ _bإيضاحات ؛ _c24 سم |
||
| 520 | _aاستراتيجية التخصصية وتطوير قطاع الأعمال-مناقشة وتقييم الإعتراضات على التخصصية-البرنامج العام التخصصية(الأهداف-المحاور-الخطوات-التنفيذية)-مجالات الاصلاح الاداري المطلوب من أجل فعالية التحول إلى القطاع الخاص | ||
| 653 | _aالإصلاح الإداري | ||
| 653 | _aالقطاع الخاص | ||
| 942 | _cكتاب | ||
| 999 |
_c42617 _d42617 |
||